Um americano na corte do rei Artur (Registo nº 2129)
[ vista simples ]
| 000 -Etiqueta do registo | |
|---|---|
| Cabeçalho | 00690nam a22002291 4500 |
| 005 - Identificador da versão | |
| Campo de controlo | 20240813121925.0 |
| 095 ## - | |
| -- | PTBN00000051 |
| 100 ## - Dados gerais de processamento | |
| Dados gerais de processamento | 20000701d1978 a y0pory5003 ba |
| 102 ## - Pais de publicação ou produção | |
| País de publicação | Portugal |
| 101 1# - Língua de publicação | |
| Língua do texto, banda sonora, etc. | Português |
| Língua do documento no original | Inglês |
| 215 ## - Descrição física | |
| Indicação específica da natureza do documento e extensão da espécie | 125, [2] p. |
| Outras indicações físicas | il. |
| Dimensões | 21 cm |
| 200 1# - Titulo e menção de responsabilidade | |
| Título próprio | Um americano na corte do rei Artur |
| Primeira menção de responsabilidade | Mark Twain |
| 225 2# - Colecção | |
| Título próprio da colecção | Livros Tio João |
| Informação de outro título da colecção | clássicos para a juventude |
| Indicação de volume | 1 |
| 210 ## - Publicação, Distribuição, etc. | |
| Lugar da edição, distribuição, etc. | Lisboa |
| Nome do editor, distribuidor, etc. | Fernando Pereira |
| Data da publicação, distribuição, etc. | imp. 1978 |
| 606 ## - Nome comum usado como assunto | |
| Número de registo de entrada de autoridade | 0000200 |
| Palavra de ordem | Literatura estrangeira juvenil |
| Subdivisão de assunto | Romance histórico |
| 675 ## - Classificação Decimal Universal (CDU) | |
| Notação | 82-311.6 |
| Edição | 2ª |
| Língua da edição | por |
| 700 #1 - Nome de autor-pessoa física (responsabilidade principal) | |
| Número de registo de entrada de autoridade | 0000892 |
| Palavra de ordem | Twain |
| Outra parte do nome não tomada para palavra de ordem | Mark |
| Elementos de identificação ou distinção | pseud. |
| 942 ## - Elementos de entrada adicionados (Koha) | |
| Tipo de item no Koha | Livro |
| Situação do levantamento | Origin of item (home branch) (coded) | Biblioteca de empréstimo | Código de barras | Cota | Circulation type (not for loan) | Tipo de documento | Nota do exemplar | Damaged status |
|---|---|---|---|---|---|---|---|---|
| Biblioteca Escolar da Coca Maravilhas | Biblioteca Escolar da Coca Maravilhas | BECM4691/00 | 8EST TWA | Livro | Sem mensagem |
